Normal view
MARC view
- Jiménez Segura, Flor
Entry Nombre Personal
001 - NUMERO DE CONTROL
- campo de control: 48780
003 - IDENTIFICADOR DE NUMERO DE CONTROL
- campo de control: UPN
005 - FECHA Y HORA DE LA ÜLTIMA TRANSACCIÓN
- campo de control: 20230503111141.0
008 - DATOS DE LONGITUD FIJA
- campo de control de longitud fija: 230503|| acn||aabn | a|a d
024 ## - OTROS IDENTIFICADORES NORMALIZADOS
- Número normalizado o código: https://orcid.org/0000-0001-6067-5083
040 ## - FUENTE DE CATALOGACIÓN
- Agencia original de catalogación: MX-MxUPN
100 ## - ENCABEZAMIENTO - NOMBRE PERSONAL
- Nombre personal: Jiménez Segura, Flor
370 ## - LUGAR ASOCIADO
- Associated country: Costa Rica
371 ## - DIRECCIÓN
- Electronic mail address: flor.jimene@ucr.ac.cr
372 ## - CAMPO DE ACTIVIDAD
- Field of activity: Psicología de la educación
373 ## - GRUPO ASOCIADO
- Associated group: Universidad de Costa Rica (San José)
374 ## - OCUPACIÓN
- Occupation: Profesora - Investigadora universitaria
- Occupation: Decana
400 ## - VEÁSE - NOMBRE DE PERSONA
- Personal name: Jiménez Segura, Flor Isabel
670 ## - FUENTE EN LA QUE SE LOCALIZARON DATOS
- Cita de la fuente: En sitio web: orcid
- Información localizada: (Flor Isabel Jiménez Segura)
- Uniform Resource Identifier: https://orcid.org/0000-0001-6067-5083
902 ## - CATALOGADOR
- Catalogador: Leonor Sotres/030523
